[Event "BRA-ch U18 Girls"]
[Site "Itajai"]
[Date "2017.06.04"]
[Round "6"]
[White "Chiodino, Camile Biz"]
[Black "Dos Anjos, Diovana Ferreira"]
[Result "0-1"]
[WhiteElo "1535"]
[BlackElo "1654"]
[PlyCount "74"]
[EventDate "2017.06.01"]
[EventType "swiss"]
[EventRounds "6"]
[EventCountry "BRA"]
[SourceTitle "CBM 179 Extra"]
[Source "ChessBase"]
[SourceDate "2017.08.23"]
[SourceVersion "1"]
[SourceVersionDate "2017.08.23"]
[SourceQuality "1"]

1. c4 c5 2. Nc3 e5 3. d3 Nc6 4. Nf3 h6 5. g3 g6 6. Bg2 Bg7 7. a3 Nge7 8. Qc2 0-0 9. Rb1 a5 10. Bd2 d6 11. 0-0 Bd7 12. Nb5 Be6 13. b4 b6 14. Ne1 Rc8 15. Qc1 Kh7 16. Nc2 Qd7 17. Ne3 Nd4 18. Nxd4 cxd4 19. Nc2 a4 20. Qb2 d5 21. cxd5 Nxd5 22. e3 Nc3 23. Rbe1 Rc7 24. exd4 exd4 25. Bf4 Rcc8 26. Be5 Rfd8 27. Bxg7 Kxg7 28. Kh1 Bg4 29. Re4 Nxe4 30. Bxe4 f5 31. Bg2 Be2 32. Re1 Bxd3 33. Na1 Re8 34. Rxe8 Rxe8 35. Qd2 Bc4 36. Nc2 Re2 37. Qxd4+ Qxd4 0-1

[Event "BRA-ch U18 Girls"]
[Site "Itajai"]
[Date "2017.06.03"]
[Round "5"]
[White "Da Fonseca, Jamilly Ferreira"]
[Black "Chiodino, Camile Biz"]
[Result "0-1"]
[WhiteElo "1322"]
[BlackElo "1535"]
[PlyCount "72"]
[EventDate "2017.06.01"]
[EventType "swiss"]
[EventRounds "6"]
[EventCountry "BRA"]
[SourceTitle "CBM 179 Extra"]
[Source "ChessBase"]
[SourceDate "2017.08.23"]
[SourceVersion "1"]
[SourceVersionDate "2017.08.23"]
[SourceQuality "1"]

1. c4 e6 2. Nc3 Nf6 3. Nf3 d5 4. b3 Be7 5. d4 0-0 6. e3 Nbd7 7. Bd3 Nb6 8. 0-0 Bd7 9. Re1 c5 10. Qc2 dxc4 11. bxc4 cxd4 12. exd4 Bc6 13. Bg5 h6 14. Bxf6 Bxf6 15. Re3 Bxf3 16. Rxf3 Bxd4 17. Bh7+ Kh8 18. Rd1 e5 19. Ne4 Rc8 20. Ng3 Rxc4 21. Qf5 Qg5 22. Qd3 Rcc8 23. Rf5 Qe7 24. Rf3 g6 25. Bxg6 fxg6 26. Qxg6 Qh7 27. Qe6 Rxf3 28. gxf3 Rc2 29. Kh1 Rxf2 30. Nh5 Rxf3 31. Rc1 Rf8 32. Nf6 Qg6 33. Qe7 Rxf6 34. Qd8+ Kg7 35. Rc7+ Rf7 36. Rc1 Qe4# 0-1

[Event "BRA-ch U18 Girls"]
[Site "Itajai"]
[Date "2017.06.02"]
[Round "3"]
[White "De Bem, Lais Colin"]
[Black "Chiodino, Camile Biz"]
[Result "1-0"]
[WhiteElo "1543"]
[BlackElo "1535"]
[PlyCount "101"]
[EventDate "2017.06.01"]
[EventType "swiss"]
[EventRounds "6"]
[EventCountry "BRA"]
[SourceTitle "CBM 179 Extra"]
[Source "ChessBase"]
[SourceDate "2017.08.23"]
[SourceVersion "1"]
[SourceVersionDate "2017.08.23"]
[SourceQuality "1"]

1. c4 e6 2. e4 c6 3. d4 d5 4. Nc3 Nf6 5. f3 Be7 6. Be3 0-0 7. Qd2 Re8 8. 0-0-0 dxe4 9. fxe4 Nfd7 10. Bd3 Nf8 11. Nf3 Ng6 12. Rdf1 Nd7 13. e5 c5 14. Bxg6 hxg6 15. h4 cxd4 16. Qxd4 Nf8 17. Qe4 f6 18. h5 g5 19. h6 f5 20. Qc2 g4 21. Rd1 Bd7 22. Nd4 Bg5 23. h7+ Nxh7 24. Qf2 Bxe3+ 25. Qxe3 Qg5 26. Qxg5 Nxg5 27. Nxf5 exf5 28. Rxd7 Rxe5 29. Rxb7 Ne4 30. Re1 Rc8 31. b3 Rce8 32. Nxe4 Rxe4 33. Rxe4 Rxe4 34. Kd2 f4 35. Rb5 f3 36. gxf3 gxf3 37. Rf5 Re2+ 38. Kd3 Rf2 39. Ke3 Rf1 40. Rxf3 Rxf3+ 41. Kxf3 Kf7 42. c5 Ke7 43. b4 Kd7 44. Kf4 Kc6 45. Kg5 a6 46. Kg6 Kb5 47. Kxg7 Kc6 48. Kf6 Kb5 49. Ke6 Kc6 50. Ke5 Kc7 51. Kd5 1-0

[Event "BRA-ch U16 Girls"]
[Site "Itajai"]
[Date "2016.06.12"]
[Round "6"]
[White "Chiodino, Camile Biz"]
[Black "Librelato, Ana Julia Goulart"]
[Result "0-1"]
[WhiteElo "1752"]
[BlackElo "1592"]
[PlyCount "38"]
[EventDate "2016.06.09"]
[EventType "swiss"]
[EventRounds "6"]
[EventCountry "BRA"]
[SourceTitle "CBM 172 Extra"]
[Source "ChessBase"]
[SourceDate "2016.06.21"]
[SourceVersion "1"]
[SourceVersionDate "2016.06.21"]
[SourceQuality "1"]

1. c4 Nf6 2. Nc3 g6 3. g3 Bg7 4. Bg2 0-0 5. Nf3 d6 6. 0-0 Nc6 7. d3 Nh5 8. Bd2 f5 9. Qc2 f4 10. Nd5 e5 11. e3 g5 12. Ne1 Bg4 13. exf4 exf4 14. h4 Nd4 15. Qb1 Ne2+ 16. Kh2 fxg3+ 17. fxg3 gxh4 18. Ne3 hxg3+ 19. Kh1 Qh4+ 0-1

[Event "BRA-ch U16 Girls"]
[Site "Itajai"]
[Date "2016.06.11"]
[Round "5"]
[White "Crestanio, Nathalia Recalcati"]
[Black "Chiodino, Camile Biz"]
[Result "0-1"]
[WhiteElo "1556"]
[BlackElo "1752"]
[PlyCount "100"]
[EventDate "2016.06.09"]
[EventType "swiss"]
[EventRounds "6"]
[EventCountry "BRA"]
[SourceTitle "CBM 172 Extra"]
[Source "ChessBase"]
[SourceDate "2016.06.21"]
[SourceVersion "1"]
[SourceVersionDate "2016.06.21"]
[SourceQuality "1"]

1. e4 e6 2. d4 d5 3. Nc3 Nf6 4. exd5 exd5 5. Nf3 Bd6 6. Bg5 Be6 7. Be2 0-0 8. 0-0 c6 9. Ne5 Nbd7 10. Ng4 Be7 11. Bf4 Nxg4 12. Bxg4 Bxg4 13. Qxg4 Nf6 14. Qf3 Re8 15. Ne2 Ne4 16. Ng3 Nxg3 17. fxg3 Rf8 18. Rae1 Bf6 19. c3 Qd7 20. g4 Rae8 21. g5 Be7 22. Be5 Bxg5 23. Qg3 Bh6 24. Rf6 g6 25. Ref1 Bg7 26. Qf4 Re6 27. Qg5 Bxf6 28. Bxf6 Rfe8 29. Qh6 Rxf6 30. Rxf6 Re2 31. Rf2 Re1+ 32. Rf1 Qe6 33. Qd2 Re2 34. Qc1 Qe4 35. Qg5 Rxb2 36. Qd8+ Kg7 37. Qf6+ Kh6 38. Rf3 Qe1+ 39. Rf1 Qe3+ 40. Kh1 Qg5 41. Qf3 Rxa2 42. Qh3+ Kg7 43. Qf3 Kh6 44. Qh3+ Qh5 45. Qe3+ Qg5 46. Qh3+ Kg7 47. Qf3 Qf5 48. Qd1 Qe4 49. Qf3 Qxf3 50. gxf3 a5 0-1

[Event "BRA-ch U20 Girls"]
[Site "Blumenau"]
[Date "2014.12.13"]
[Round "4"]
[White "Chiodino, Camile Biz"]
[Black "Librelato, Ana Julia Goulart"]
[Result "0-1"]
[WhiteElo "1749"]
[BlackElo "1790"]
[PlyCount "64"]
[EventDate "2014.12.11"]
[EventType "swiss"]
[EventRounds "7"]
[EventCountry "BRA"]
[SourceTitle "EXT 2016"]
[Source "ChessBase"]
[SourceDate "2015.10.08"]
[SourceVersion "1"]
[SourceVersionDate "2015.10.08"]
[SourceQuality "1"]

1. c4 Nf6 2. Nc3 g6 3. g3 Bg7 4. Bg2 0-0 5. Nf3 d6 6. d4 Nc6 7. e3 a6 8. 0-0 Rb8 9. a3 Na5 10. Qa4 c5 11. Bd2 Bd7 12. Qc2 Nxc4 13. Ne2 Bb5 14. dxc5 Nxd2 15. Qxd2 dxc5 16. Rfe1 Qxd2 17. Nxd2 Rfd8 18. Nb3 b6 19. Rac1 Rd6 20. Nc3 Bc6 21. Bf1 Bb7 22. Rc2 Rbd8 23. Be2 Nd7 24. Nb1 Be4 25. Rd2 Ne5 26. Rxd6 Rxd6 27. Rc1 Bd3 28. Bd1 Nc4 29. Bf3 Bxb2 30. Re1 Nxa3 31. N1d2 Bc3 32. Be2 Bc2 0-1

[Event "BRA-ch (Women)"]
[Site "Blumenau"]
[Date "2014.06.01"]
[Round "7"]
[White "Martins, Fernanda Ribeiro"]
[Black "Chiodino, Camile Biz"]
[Result "1-0"]
[WhiteElo "1852"]
[BlackElo "1745"]
[PlyCount "59"]
[EventDate "2014.05.29"]
[EventType "swiss"]
[EventRounds "7"]
[EventCountry "BRA"]
[SourceTitle "EXT 2015"]
[Source "ChessBase"]
[SourceDate "2014.11.20"]
[SourceVersion "1"]
[SourceVersionDate "2014.11.20"]
[SourceQuality "1"]

1. e4 e6 2. d4 d5 3. Nc3 c6 4. Be3 Qc7 5. Be2 Nd7 6. Qd2 Bb4 7. f3 Ne7 8. Bd3 e5 9. dxe5 Nxe5 10. Nge2 Nxd3+ 11. cxd3 c5 12. d4 dxe4 13. fxe4 cxd4 14. Bxd4 0-0 15. 0-0 Rd8 16. Qe3 Nc6 17. Rac1 Bg4 18. a3 Bd6 19. Ng3 Bxg3 20. hxg3 Rxd4 21. Nb5 Qe5 22. Nxd4 Nxd4 23. Rf4 Ne2+ 24. Kf1 Nxf4 25. gxf4 Qxb2 26. Re1 b6 27. e5 Rd8 28. Qg3 Be6 29. Qf3 Rd2 30. Qa8+ 1-0

[Event "BRA-ch (Women)"]
[Site "Blumenau"]
[Date "2014.05.31"]
[Round "4"]
[White "Chiodino, Camile Biz"]
[Black "De Carvalho, Thais Ferreira Mont"]
[Result "1-0"]
[WhiteElo "1745"]
[BlackElo "1800"]
[PlyCount "59"]
[EventDate "2014.05.29"]
[EventType "swiss"]
[EventRounds "7"]
[EventCountry "BRA"]
[SourceTitle "EXT 2015"]
[Source "ChessBase"]
[SourceDate "2014.11.20"]
[SourceVersion "1"]
[SourceVersionDate "2014.11.20"]
[SourceQuality "1"]

1. c4 e6 2. Nc3 Bc5 3. g3 Nf6 4. Bg2 Ng4 5. Ne4 Bxf2+ 6. Nxf2 Nxf2 7. Kxf2 d5 8. Nf3 Qe7 9. d3 dxc4 10. dxc4 Qc5+ 11. Qd4 Qxd4+ 12. Nxd4 0-0 13. Rd1 Rd8 14. Bf4 c5 15. Nb5 Nc6 16. Rxd8+ Nxd8 17. Rd1 Nc6 18. Bxc6 h6 19. Be4 f5 20. Bf3 a6 21. Nc7 Rb8 22. Nxe6 Bxe6 23. Bxb8 Bxc4 24. b3 Be6 25. Bh5 c4 26. Bg6 Kf8 27. Bd6+ Kg8 28. Bc5 Bf7 29. Rd8+ Be8 30. Rxe8# 1-0

[Event "BRA-ch (Women)"]
[Site "Blumenau"]
[Date "2014.05.30"]
[Round "2"]
[White "Chiodino, Camile Biz"]
[Black "De Oliveira, Bruna Caroline"]
[Result "0-1"]
[WhiteElo "1745"]
[BlackElo "1965"]
[PlyCount "72"]
[EventDate "2014.05.29"]
[EventType "swiss"]
[EventRounds "7"]
[EventCountry "BRA"]
[SourceTitle "EXT 2015"]
[Source "ChessBase"]
[SourceDate "2014.11.20"]
[SourceVersion "1"]
[SourceVersionDate "2014.11.20"]
[SourceQuality "1"]

1. c4 c5 2. Nc3 e5 3. g3 g6 4. Bg2 Bg7 5. b3 Nf6 6. Bb2 d6 7. Qc2 Nc6 8. e3 Nb4 9. Qb1 Bf5 10. e4 Be6 11. a3 Nc6 12. Nge2 0-0 13. 0-0 Qd7 14. f4 Bh3 15. f5 Bxg2 16. Kxg2 Rae8 17. Qd3 Nd4 18. Nd5 Nxd5 19. cxd5 gxf5 20. exf5 e4 21. Qe3 Nc2 22. Qg5 f6 23. Qg4 Nxa1 24. Bxa1 e3 25. Nf4 exd2 26. Ne6 Re7 27. Nxf8 Kxf8 28. Qh5 Re1 29. Bc3 d1Q 30. Qxd1 Rxd1 31. Rxd1 Qxf5 32. Rd2 Qe4+ 33. Kf1 Qh1+ 34. Kf2 Qxh2+ 35. Kf3 Qh1+ 36. Rg2 Qf1+ 0-1

[Event "Catarinense-ch (Women)"]
[Site "Balneario Camboriu"]
[Date "2013.02.23"]
[Round "2"]
[White "Nardelli, Anne Caroline"]
[Black "Chiodino, Camile Biz"]
[Result "1-0"]
[WhiteElo "1797"]
[BlackElo "1800"]
[PlyCount "39"]
[EventDate "2013.02.22"]
[EventType "swiss"]
[EventRounds "6"]
[EventCountry "BRA"]
[SourceTitle "EXT 2015"]
[Source "ChessBase"]
[SourceDate "2014.11.20"]
[SourceVersion "1"]
[SourceVersionDate "2014.11.20"]
[SourceQuality "1"]

1. e4 c5 2. Nf3 Nc6 3. Bb5 g6 4. Bxc6 bxc6 5. d4 cxd4 6. Qxd4 Nf6 7. Nc3 d6 8. e5 dxe5 9. Qxd8+ Kxd8 10. Nxe5 Ke8 11. Bf4 Bb7 12. 0-0-0 Bg7 13. Rhe1 c5 14. Nb5 Rc8 15. Nd6+ Kf8 16. Nxc8 Bxc8 17. Rd8+ Ne8 18. Rxc8 Bf6 19. Bh6+ Kg8 20. Rxe8# 1-0

[Event "Blumenau Santa Catarina Cup"]
[Site "Blumenau"]
[Date "2013.02.10"]
[Round "5"]
[White "Chiodino, Camile Biz"]
[Black "Martins, Fernanda Ribeiro"]
[Result "1-0"]
[WhiteElo "1800"]
[BlackElo "1837"]
[PlyCount "73"]
[EventDate "2013.02.08"]
[EventType "swiss"]
[EventRounds "6"]
[EventCountry "BRA"]
[SourceTitle "CBM 152 Extra"]
[Source "ChessBase"]
[SourceDate "2013.02.25"]
[SourceVersion "1"]
[SourceVersionDate "2013.02.25"]
[SourceQuality "1"]

1. e4 c5 2. Nf3 Nc6 3. d4 cxd4 4. Nxd4 d6 5. Nc3 g6 6. Be2 Bg7 7. Be3 Nf6 8. f3 0-0 9. Qd2 Bd7 10. 0-0-0 Rc8 11. Rhe1 Ne5 12. h4 Qb6 13. Ne6 Bxe6 14. Bxb6 axb6 15. Bb5 Nc4 16. Qd4 Nh5 17. Qd3 Nf4 18. Qf1 Bxc3 19. bxc3 Ne5 20. Re3 Ra8 21. g3 Nh5 22. g4 Nf4 23. h5 g5 24. a4 Rfc8 25. Rd4 Bd7 26. Bxd7 Nxd7 27. Kd2 e5 28. Rxd6 Nc5 29. Rxb6 Nxa4 30. Rxb7 Rd8+ 31. Kc1 Nc5 32. Rb1 Ra3 33. Kb2 Ra5 34. Kc1 Ra2 35. Qc4 Ra5 36. Qb4 Ra2 37. Qxc5 1-0

[Event "Blumenau Santa Catarina Cup"]
[Site "Blumenau"]
[Date "2013.02.10"]
[Round "6"]
[White "De Oliveira, Cleverton"]
[Black "Chiodino, Camile Biz"]
[Result "1-0"]
[WhiteElo "1812"]
[BlackElo "1800"]
[PlyCount "61"]
[EventDate "2013.02.08"]
[EventType "swiss"]
[EventRounds "6"]
[EventCountry "BRA"]
[SourceTitle "CBM 152 Extra"]
[Source "ChessBase"]
[SourceDate "2013.02.25"]
[SourceVersion "1"]
[SourceVersionDate "2013.02.25"]
[SourceQuality "1"]

1. d4 d5 2. Nf3 Nc6 3. e3 Nf6 4. c4 Bf5 5. Nc3 e6 6. Qb3 b6 7. cxd5 exd5 8. Bb5 Bd6 9. Bxc6+ Bd7 10. Bxa8 Qxa8 11. Ne5 Be6 12. f4 0-0 13. 0-0 Rd8 14. Nb5 Qb7 15. Nxd6 Rxd6 16. Bd2 Ne4 17. Bb4 Rd8 18. Rfc1 f6 19. Nc6 Rd7 20. a4 a5 21. Bxa5 Rd6 22. Ne7+ Kf7 23. Bb4 Rd7 24. Nc6 Qa6 25. Nb8 Qc8 26. Nxd7 Qxd7 27. Qc2 c5 28. dxc5 bxc5 29. Bxc5 Kg8 30. b4 h6 31. b5 1-0

[Event "Blumenau Santa Catarina Cup"]
[Site "Blumenau"]
[Date "2013.02.09"]
[Round "3"]
[White "Chiodino, Camile Biz"]
[Black "De Oliveira, Bruna Caroline"]
[Result "0-1"]
[WhiteElo "1800"]
[BlackElo "1894"]
[PlyCount "60"]
[EventDate "2013.02.08"]
[EventType "swiss"]
[EventRounds "6"]
[EventCountry "BRA"]
[SourceTitle "CBM 152 Extra"]
[Source "ChessBase"]
[SourceDate "2013.02.25"]
[SourceVersion "1"]
[SourceVersionDate "2013.02.25"]
[SourceQuality "1"]

1. e4 c5 2. Nf3 Nc6 3. d4 cxd4 4. Nxd4 e6 5. Nc3 Bb4 6. Bd2 Nxd4 7. Ne2 Bxd2+ 8. Qxd2 Nc6 9. 0-0-0 Nf6 10. f3 0-0 11. Nc3 a6 12. Bc4 b5 13. Bd3 Bb7 14. f4 Nb4 15. e5 Nxd3+ 16. Qxd3 Nd5 17. Ne2 Rc8 18. h4 Nb4 19. Qe3 Nxc2 20. Qd2 Ne3+ 21. Nc3 Nxd1 22. Kxd1 Qc7 23. Rh3 Rfd8 24. Kc1 b4 25. g4 d6 26. Qh2 dxe5 27. fxe5 Qc4 28. g5 Qxa2 29. b3 Qa1+ 30. Kc2 Be4+ 0-1